000 00402nab a2200145Ia 4500
003 ES-SlBCS
005 20210601131741.0
008 140529s1932 xxu||||| |||| 00| 0 fre d
041 _afre
100 1 _aBernadot, M. V.
_9188563
245 0 0 _aL'insulteau Pape
_c M. V. Bernadot
650 0 4 _aPapa
_9129125
773 0 _tVie Intelectuelle (La)
_gvol. 17, nº. 1, 1932, págs. 32-33
_wRev907
942 _cAR
999 _c568170
_d568170